000 01024nam a2200253 a 4500
001 40653
003 BD-RjUL
005 20211209053247.0
008 160421s1973 bg a|||| |||| 000 0 ben d
020 _cTk. 5.00
035 _a(BD-RjUL)40768
040 _aBD-RjUL
_bben
_cBD-RjUL
_dBD-RjUL
041 _aben
082 _223
_a909
_bMAB 1973
100 _aমাসানী, মিনু
_9123226
245 1 0 _aবিবর্তনের পথে মানব-পরিবার /
_cমিনু মাসানী ; নিযামউদ্দিন আহমদ অনুদিত
260 _aঢাকা :
_bবাংলা একাডেমি,
_c১৯৭৩
300 _a[৬], ১৩৩ পৃ. :
_bচিত্র ;
_c২১ সেমি.
490 _aবা-এ. ;
_v৪১১
650 _aসভ্যতা
_9123227
_xইতিহাস
650 _aCivilization
_9123228
_xHistory
700 _aআহমদ, নিযামউদ্দিন, অনুবাদক
_9123229
942 _2ddc
_cBK
_01
999 _c40653
_d40653